000 00901nam a22003017a 4500
003 CHAP
005 20220329133852.0
008 971013s1884 r 00010 d
010 _a12039
011 _a13011
035 _a17082
040 _cCHAP
082 _a581.4
_bB37
100 0 0 _aBary, Anton de.
_910662
245 _aComparative anatomy of the vegetative organs of the phanerogams and ferns
260 _aOxford :
_bClarendon,
_c1884
300 _a659 p.
_b: ilus.
590 _aBATCH-UPD
_b10
_c20130110
_lUCH01
_h1748
590 _aBATCH-UPD
_b10
_c20130410
_lUCH01
_h1126
590 _aBATCH-UPD
_b10
_c20130914
_lUCH01
_h0325
590 _aCONVERSION
_b10
_c20130109
_lUCH01
_h1308
650 1 4 _aAnatomía vegetal.
_95495
650 1 4 _aFanerógamas.
_939416
650 1 4 _aHelechos.
_953412
901 _aBK
942 _cLIBRO
949 _a581.4 B37
_bBC
_cBPA
_d-40602
_eBPA
_h9418
_i17082
_si
999 _c12039
_d12039